=LDR 00000nam 2200000 4500 =001 INLIS000000000037418 =005 20150323102601.0 =006 =007 =008 Ind =035 ##$$0010-061300000037418 =041 ##$$a Ind =082 ##$$a 808.02 =090 ##$$a 808.02, Lut k =100 ##$$a Lutters, Elizabeth =245 ##$$a Kunci sukses menulis Skenario, Elizabeth Lutters; Editor, A.Ariobimo Nusantara =260 ##$$a 2010 $b Jakarta =300 ##$$a xviii,250 hlm, 21 cm =650 ##$$a Kepengarangan =700 ##$$a Nusantara, A.Ariobimo =850 ##$$a NBPNMAT =990 ##$$a 21107007